10 pobles més alts de Catalunya - Estadísticas

Estadísticas generales
  • Esta prueba ha sido intentada 52 veces
  • La puntuación promedio es 5 de 10
Estadísticas de respuestas
Comarca Metres d'altitud Poble % Correcto
Ripollès 1444 Toses
63%
Berguedà 1395 Castellar de n'Hug
60%
Berguedà 1443 Gòsol
58%
Baixa Cerdanya 1539 Meranges
58%
Baixa Cerdanya 1471 Lles
53%
Berguedà 1340 Gisclareny
50%
Baixa Cerdanya 1385 Guils de Cerdanya
50%
Pallars Sobirà 1318 Espot
40%
Alt Urgell 1335 Cava
35%
Ribagorça 1431 Les Paüls
20%
No se encontraron pruebas coincidentes
Distribución de puntuación
Porcentaje de gente con cada puntuación
Porcentaje por número respondido
Historial de tus puntuaciones
No has intentado esta prueba.